00346nam a2200145Ia 450000500170000000800410001702000150005808200130007310000120008624500260009826000300012430000180015465000150017265000130018720240704054418.0240331s9999 xx 000 0 und d a0415908868 a155bFUS aFuss, D 0aIdentification papers aNew yorkbRoutledgec1995 aix, 179 p ., aPsychology aFeminism